| 000 | 01404nam a2200337 4500 | ||
|---|---|---|---|
| 003 | MX-MxINE | ||
| 005 | 20260530113919.0 | ||
| 008 | 260520b2017 mx a|||| |||| 00| 0 spa d | ||
| 020 | _a 9786076054895 | ||
| 040 |
_aICI _bspa _cICI _erda |
||
| 041 |
_aspa _geng |
||
| 050 |
_aNK1464.A1 _bC54 |
||
| 100 | 1 |
_aTorres, Francisco/Leon, Luis Miguel, _eeditor _934467 |
|
| 245 |
_a100 años de diseño suizo / _cFrancisco Torres, Luis Miguel León, edición ; Daniela Ibarra, traducción inglés = 100 years of swiss design / Francisco Torres, Luis Miguel León, edition ; Daniela Ibarra, english translation |
||
| 246 | 3 | 1 | _a100 years of swiss design |
| 246 | 3 | 0 | _aCien años de diseño suizo |
| 246 | 3 | 0 | _a One hundred years of swiss design |
| 250 |
_aPrimera edición = _bFirst edition |
||
| 264 | 1 |
_aCiudad de México: _bInstituto Nacional de Bellas Artes : _bEmbajada de Suiza en México, _c2017 |
|
| 300 |
_a 211 páginas : _bilustraciones a color |
||
| 336 |
_2rdacontent _atexto |
||
| 337 |
_2rdamedia _asin medio |
||
| 338 |
_2rdacarrier _avolumen |
||
| 650 | 4 |
_aDiseño _vExposiciones _zSuiza _934468 |
|
| 650 | 4 |
_aDiseño _xHistoria _zSuiza _934469 |
|
| 650 | 4 |
_aDiseño _vExposiciones _zCiudad de México _934470 |
|
| 700 | 1 |
_aTorres, Francisco, _eeditor _934471 |
|
| 700 | 1 |
_aLeon, Luis Miguel, _eeditor _929519 |
|
| 700 | 1 |
_aIbarra, Daniela, _etraductor _929520 |
|
| 942 |
_2lcc _n1 _cBK |
||
| 999 |
_c12404 _d12404 |
||